Statistics for Emmy Winners for Best Actress in a Drama Series

Click here to take the quiz!

General Stats

  • This quiz has been taken 31 times
  • The average score is 19 of 58

Answer Stats

YearProgramActor% Correct
2015How to Get Away with MurderViola Davis
77%
2020EuphoriaZendaya
77%
2022EuphoriaZendaya
77%
1997The X-FilesGillian Anderson
67%
2021The CrownOlivia Colman
67%
2018The CrownClaire Foy
63%
2013HomelandClaire Danes
57%
2012HomelandClaire Danes
57%
2017The Handmaid's TaleElisabeth Moss
57%
2019Killing EveJodie Comer
53%
1999The SopranosEdie Falco
50%
2001The SopranosEdie Falco
50%
2003The SopranosEdie Falco
50%
2002The West WingAllison Janney
47%
2004The West WingAllison Janney
47%
2023SuccessionSarah Snook
47%
2007Brothers & SistersSally Field
43%
2008DamagesGlenn Close
37%
2009DamagesGlenn Close
37%
2010The CloserKyra Sedgwick
33%
2005MediumPatricia Arquette
33%
2014The Good WifeJulianna Margulies
30%
2011The Good WifeJulianna Margulies
30%
2006Law & Order: Special Victims UnitMariska Hargitay
30%
1980DallasBarbara Bel Geddes
27%
2016Orphan BlackTatiana Maslany
27%
1983Cagney & LaceyTyne Daly
27%
1988Cagney & LaceyTyne Daly
27%
1984Cagney & LaceyTyne Daly
27%
1985Cagney & LaceyTyne Daly
27%
1998Chicago HopeChristine Lahti
23%
1989China BeachDana Delany
23%
1992China BeachDana Delany
23%
1977The Bionic WomanLindsay Wagner
23%
1987Cagney & LaceySharon Gless
23%
1986Cagney & LaceySharon Gless
23%
1996Picket FencesKathy Baker
20%
1993Picket FencesKathy Baker
20%
1995Picket FencesKathy Baker
20%
1974The WaltonsMichael Learned
20%
1976The WaltonsMichael Learned
20%
1973The WaltonsMichael Learned
20%
1982NurseMichael Learned
20%
1994SistersSela Ward
20%
2000Once and AgainSela Ward
20%
1981Hill Street BluesBarbara Babcock
17%
1969Mission: ImpossibleBarbara Bain
17%
1968Mission: ImpossibleBarbara Bain
17%
1967Mission: ImpossibleBarbara Bain
17%
1966The Big ValleyBarbara Stanwyck
17%
1972Elizabeth RGlenda Jackson
17%
1990ThirtysomethingPatricia Wettig
17%
1991ThirtysomethingPatricia Wettig
17%
1971The First ChurchillsSusan Hampshire
17%
1970The Forsyte SagaSusan Hampshire
17%
1975Upstairs, DownstairsJean Marsh
13%
1979The Incredible HulkMariette Hartley
13%
1978FamilySada Thompson
13%

Score Distribution

Percentile by Number Answered

Percent of People with Each Score

Your Score History

You have not taken this quiz